[Event "HUN-chT2 Barcza 1415"]
[Site "Hungary"]
[Date "2014.11.30"]
[Round "?"]
[White "Jakab, Benjamin"]
[Black "Csukerda, Bence"]
[Result "1-0"]
[WhiteElo "1796"]
[BlackElo "1650"]
[PlyCount "39"]
[EventDate "2014.09.07"]
[EventType "team-tourn"]
[EventRounds "11"]
[EventCountry "HUN"]
[SourceTitle "EXT 2016"]
[Source "ChessBase"]
[SourceDate "2015.10.08"]
[SourceVersion "1"]
[SourceVersionDate "2015.10.08"]
[SourceQuality "1"]
[WhiteTeam "Debrecen Sakkiskola"]
[BlackTeam "Edeleny"]
[WhiteTeamCountry "HUN"]
[BlackTeamCountry "HUN"]

1. d4 Nf6 2. f4 c5 3. e3 g6 4. Nf3 d6 5. c3 cxd4 6. exd4 Bg7 7. Bd3 Bg4 8. h3 Bd7 9. 0-0 0-0 10. Nbd2 Nc6 11. Ne4 Nd5 12. Qb3 Nb6 13. Ng3 Be6 14. Qd1 Rc8 15. f5 Bc4 16. fxg6 hxg6 17. Ng5 e5 18. Bxc4 Nxc4 19. Qg4 Ne7 20. Qh4 1-0

[Event "HUN-chT2 Barcza 1415"]
[Site "Hungary"]
[Date "2014.09.21"]
[Round "?"]
[White "Kiripolszky, Tamas"]
[Black "Csukerda, Bence"]
[Result "1/2-1/2"]
[WhiteElo "1918"]
[BlackElo "1650"]
[PlyCount "41"]
[EventDate "2014.09.07"]
[EventType "team-tourn"]
[EventRounds "11"]
[EventCountry "HUN"]
[SourceTitle "EXT 2016"]
[Source "ChessBase"]
[SourceDate "2015.10.08"]
[SourceVersion "1"]
[SourceVersionDate "2015.10.08"]
[SourceQuality "1"]
[WhiteTeam "Hajduszoboszlo"]
[BlackTeam "Edeleny"]
[WhiteTeamCountry "HUN"]
[BlackTeamCountry "HUN"]

1. e4 c6 2. d4 d5 3. Nc3 dxe4 4. Nxe4 Nf6 5. Ng5 Bf5 6. Bc4 e6 7. N1f3 Nbd7 8. Nh4 Be7 9. Nxf5 Qa5+ 10. Bd2 Qxf5 11. Qe2 Nd5 12. Bd3 Qf6 13. Qg4 h5 14. Qe4 Nb4 15. 0-0 Nxd3 16. Qxd3 Rd8 17. Qe3 Nb6 18. Nf3 h4 19. Qe2 Qf5 20. c4 h3 21. g3 1/2-1/2

[Event "HUN-chT2 Barcza 1314"]
[Site "Hungary"]
[Date "2013.10.20"]
[Round "3"]
[White "Csukerda, Bence"]
[Black "Szabo, Balint"]
[Result "1/2-1/2"]
[WhiteElo "1649"]
[BlackElo "1475"]
[PlyCount "25"]
[EventDate "2013.09.08"]
[EventType "team-tourn"]
[EventRounds "11"]
[EventCountry "HUN"]
[SourceTitle "EXT 2016"]
[Source "ChessBase"]
[SourceDate "2015.10.08"]
[SourceVersion "1"]
[SourceVersionDate "2015.10.08"]
[SourceQuality "1"]
[WhiteTeam "Edeleny"]
[BlackTeam "Miskolc EMSE"]
[WhiteTeamCountry "HUN"]
[BlackTeamCountry "HUN"]

1. e4 e5 2. Nc3 Nf6 3. Bc4 Nc6 4. d3 Bc5 5. Bg5 h6 6. Bh4 a6 7. a4 d6 8. h3 Bd7 9. Nge2 Nd4 10. Nd5 g5 11. Bg3 Nxd5 12. Bxd5 c6 13. Bb3 1/2-1/2

[Event "HUN-chT2 Barcza 1112 "]
[Site "Hungary"]
[Date "2012.03.25"]
[Round "8"]
[White "Csukerda, Bence"]
[Black "Solyom, Sandor"]
[Result "1/2-1/2"]
[WhiteElo "1595"]
[BlackElo "1739"]
[PlyCount "34"]
[EventDate "2011.09.25"]
[EventType "team-tourn"]
[EventRounds "11"]
[EventCountry "HUN"]
[SourceTitle "EXT 2013"]
[Source "ChessBase"]
[SourceDate "2012.11.22"]
[SourceVersion "1"]
[SourceVersionDate "2012.11.22"]
[SourceQuality "1"]
[WhiteTeam "Edeleny"]
[BlackTeam "Sajoszentpeter"]
[WhiteTeamCountry "HUN"]
[BlackTeamCountry "HUN"]

1. e4 e6 2. Qe2 d5 3. exd5 Qxd5 4. Nc3 Qd8 5. g3 Nc6 6. Bg2 Bd7 7. d3 Bb4 8. Be3 Qf6 9. Qd2 Bxc3 10. bxc3 h6 11. Ne2 Nge7 12. 0-0 Nf5 13. Bc5 b6 14. Ba3 Rd8 15. Qf4 e5 16. Qc4 Nd6 17. Qd5 Na5 1/2-1/2